| 000 | 00882cam a22002654a 4500 | ||
|---|---|---|---|
| 001 | 3354 | ||
| 005 | 20250530141122.0 | ||
| 020 | _a9780545477550 | ||
| 040 |
_aDLC _cDLC _dDLC _beng |
||
| 050 | 0 | 0 |
_aQL737.U53 _b 2001 |
| 082 | 0 | 0 | _a599.64 |
| 100 | 1 | _aRobbins, Ken | |
| 245 | 1 | 0 |
_aThunder on the plains : _bthe story of the American buffalo / _cKen Robbins |
| 260 |
_aNew York : _bScholastic , _c2001 |
||
| 300 |
_a32 pages : _bcolor illustrations ; _c22 cm . |
||
| 505 | _aZ | ||
| 520 | _aA brief introduction to the history of the American buffalo and how it was almost hunted into extinction. | ||
| 521 |
_a1000
_bLexile |
||
| 521 |
_aZ
_bRaz-Plus |
||
| 650 | 0 |
_aAmerican bison _xHistory _vJuvenile literature |
|
| 650 | 1 | _aBison | |
| 650 | 1 |
_aEndangered species _vJuvenile literature |
|
| 906 |
_a7 _bcbc _corignew _d1 _eocip _f20 _gy-gencatlg |
||
| 942 |
_2ddc _cBK _n0 |
||
| 999 |
_c3354 _d3354 |
||